000 00772cam a22002413a 4500
001 19597
003 PGUSA
005 20140828083421.0
008 061021s2006||||xxu|||||s|||||000 | eng d
040 _aPGUSA
_beng
042 _adc
050 4 _aBV
100 1 _aBurt, Nathaniel Clark,
_d1825-1874
245 1 0 _aNational Character :
_bA Thanksgiving Discourse Delivered November 15th, 1855, in the Franklin Street Presbyterian Church
_h[electronic resource] /
_cNathaniel Clark Burt
260 _bProject Gutenberg,
_c2006
506 _aPublic domain in the USA.
516 _aElectronic text
653 _aNationalism
653 _aThanksgiving Day sermons
830 0 _aProject Gutenberg
_v19597
856 4 0 _uhttp://www.gutenberg.org/ebooks/19597
942 _cEB
999 _c248852
_d248852